| 000 | 01168cam a22003377a 4500 | ||
|---|---|---|---|
| 003 | CHAP | ||
| 005 | 20220329142703.0 | ||
| 008 | 021025d1998 mx ad r 00110 spa d | ||
| 010 | _a86530 | ||
| 011 | _a87502 | ||
| 020 | _a9709065009 | ||
| 035 | _a98046 | ||
| 040 | _cCHAP | ||
| 082 | 0 | 4 |
_a338.5 _bC3 |
| 100 | 0 | 0 |
_aCastañeda Ramos, Gonzalo. _919932 |
| 245 | 1 | 3 |
_aLa empresa mexicana y su gobierno corporativo: _bantecedentes y desafíos para el siglo XXI _c/por Gonzalo Castañeda Ramos |
| 260 |
_aCholula, Pue. : _bUniversidad de las Américas Puebla, _c1998 |
||
| 300 |
_a467 p. : _bilus. ; gráfs. ; tablas |
||
| 590 |
_aBATCH-UPD _b10 _c20130110 _lUCH01 _h0404 |
||
| 590 |
_aBATCH-UPD _b10 _c20130110 _lUCH01 _h2107 |
||
| 590 |
_aBATCH-UPD _b10 _c20130410 _lUCH01 _h0037 |
||
| 590 |
_aBATCH-UPD _b10 _c20130914 _lUCH01 _h0856 |
||
| 590 |
_aCONVERSION _b10 _c20130109 _lUCH01 _h1348 |
||
| 650 | 1 | 4 |
_aEmpresas pequeñas. _936658 |
| 650 | 1 | 4 |
_aEmpresas _zMéxico. _936646 |
| 650 | 1 | 4 |
_aMéxico _xAspectos económicos. _976643 |
| 901 | _aBK | ||
| 905 | _aMarco A. Mendoza T. | ||
| 942 | _cLIBRO | ||
| 949 |
_a338.5 C3 _bBC _cLIBRO _d33724000880167 _eLIBRO _h103195 _i98046 _sb |
||
| 999 |
_c86530 _d86530 |
||